A-Z Band/Artist Names 1990's - Statistics

General Stats
  • This quiz has been taken 166 times
  • The average score is 8 of 26
Answer Stats
Song Title Answer % Correct
R Creep (1992) Radiohead
88%
W Buddy Holly (1994) Weezer
79%
G Stupid Girl (1995) Garbage
60%
H Jump Around (1992) House Of Pain
57%
B Intergalactic (1998) Beastie Boys
53%
F The Rockafeller Skank (1998) Fatboy Slim
53%
O Cigarettes & Alcohol (1994) Oasis
51%
V The Drugs Don't Work (1997) Verve
41%
N Sliver (1990) Nirvana
38%
I Bring Your Daughter To The Slaughter (1990) Iron Maiden
37%
J Laid (1993) James
29%
Q Silent Lucidity (1990) Queensryche
27%
M Teardrop (1998) Massive Attack
26%
U Born Slippy (1996) Underworld
26%
T Birdhouse In Your Soul They Might Be Giants
25%
C Setting Son (1996) Chemical Brothers
18%
D Good Enough (1996) Dodgy
15%
S Move Any Mountain (1991) Shamen
14%
Z Senza Una Donna (1991) Zucchero
12%
P Velouria (1990) Pixies
11%
E Susan's House (1997) Eels
10%
L Into Your Arms (1993) Lemonheads
9%
K Come Baby Come (1993) K7
6%
A Krupa (1996) Apollo 440
4%
X Move Your Body (1991) Xpansions
3%
Y Tap the Bottle (1992) Young Black Teenagers
2%
No matching quizzes found
Score Distribution
Percent of People with Each Score
Percentile by Number Answered
Your Score History
You have not taken this quiz